Warframe primary weapons - Statistics

General Stats
  • This quiz has been taken 5 times
  • The average score is 14 of 189
Answer Stats
Hint Answer % Correct
Bubonico
75%
Paris
75%
Braton
50%
Braton Prime
50%
Burston
50%
Burston Prime
50%
Bows Cernos
50%
Dread
50%
Arm Cannons Shedu
50%
Zhuge
50%
Acceltra
25%
Acceltra Prime
25%
Aeolak
25%
Afentis
25%
Alternox
25%
Exalted Weapon Artemis Bow
25%
Crossbow Attica
25%
AX-52
25%
Boar
25%
Boar Prime
25%
Boltor
25%
Boltor Prime
25%
Braton Vandal
25%
Cedo
25%
Cedo Prime
25%
Cinta
25%
Felarx
25%
MK1-Braton
25%
MK-1 Paris
25%
Mutualist Cernos
25%
Nagantaka
25%
Nataruk
25%
Ogris
25%
Paris Prime
25%
Penta
25%
Phantasma
25%
Phantasma Prime
25%
Rakta Cernos
25%
Reconifex
25%
Telos Boltor
25%
Torid
25%
Trumna
25%
Trumna Prime
25%
Zhuge Prime
25%
Ambassador
0%
Amprex
0%
Arca Plasmor
0%
Argonak
0%
Artemis Bow Prime
0%
Shotgun Astilla
0%
Astilla Prime
0%
Basmu
0%
Battacor
0%
Baza
0%
Baza Prime
0%
Buzlok
0%
Launcher Carmine Penta
0%
Cernos Prime
0%
Coda Bassocyst
0%
Coda Hema
0%
Coda Sporothrix
0%
Coda Synapse
0%
Convectrix
0%
Corinth
0%
Corinth Prime
0%
Daikyu
0%
Daikyu Prime
0%
Dera
0%
Dera Vandal
0%
Dex Sybaris
0%
Drakgoon
0%
EFV-5 Jupiter
0%
Evensong
0%
Exergis
0%
Ferrox
0%
Flux Rifle
0%
Fulmin
0%
Fulmin Prime
0%
Glaxion
0%
Glaxion Vandal
0%
Gorgon
0%
Gorgon Wraith
0%
Gotva Prime
0%
Grakata
0%
Grinlok
0%
Harpak
0%
Hek
0%
Hema
0%
Higasa
0%
Hind
0%
Ignis
0%
Ignis Wraith
0%
Javlok
0%
Karak
0%
Karak Wraith
0%
Kohm
0%
Komorex
0%
Kuva Bramma
0%
Kuva Chakkhurr
0%
Kuva Drakgoon
0%
Kuva Hek
0%
Kuva Hind
0%
Kuva Karak
0%
Kuva Kohm
0%
Kuva Ogris
0%
Kuva Quartakk
0%
Kuva Sobek
0%
Kuva Tonkor
0%
Kuva Zarr
0%
Lanka
0%
Latron
0%
Latron Prime
0%
Latron Wraith
0%
Lenz
0%
Lizzie
0%
Miter
0%
MK1-Strun
0%
Mutualist Quanta
0%
Nagantaka Prime
0%
Neutraliser
0%
Opticor
0%
Opticor Vandal
0%
Panthera
0%
Panthera Prime
0%
Paracyst
0%
Sniper Rifle Perigale
0%
Phage
0%
Phenmor
0%
Prisma Gorgon
0%
Prisma Grakata
0%
Prisma Grinlok
0%
Prisma Lenz
0%
Prisma Tetra
0%
Proboscis Cernos
0%
Purgator1
0%
Quanta
0%
Quanta Vandal
0%
Quartakk
0%
Quellor
0%
Rauta
0%
Rubico
0%
Rubico Prime
0%
Sancti Tigris
0%
Speargun Scourge
0%
Scourge Prime
0%
Secura Penta
0%
Rifle Simulor
0%
Snipetron
0%
Snipetron Vandal
0%
Sobek
0%
Soma
0%
Soma Prime
0%
Sporothrix
0%
Stahlta
0%
Steflos
0%
Stradavar
0%
Stradavar Prime
0%
Strun
0%
Strun Prime
0%
Strun Wraith
0%
Supra
0%
Supra Vandal
0%
Sybaris
0%
Sybaris Prime
0%
Synapse
0%
Synoid Simulor
0%
Tenet Arca Plasmor
0%
Tenet Envoy
0%
Tenet Ferrox
0%
Tenet Flux Rifle
0%
Tenet Glaxion
0%
Tenet Tetra
0%
Tenora
0%
Tenora Prime
0%
Tetra
0%
Tiberon
0%
Tiberon Prime
0%
Tigris
0%
Tigris Prime
0%
Tonkor
0%
Vadarya Prime
0%
Vaykor Hek
0%
Vectis
0%
Vectis Prime
0%
Veldt
0%
Vulkar
0%
Vulkar Wraith
0%
Zarr
0%
Zenith
0%
No matching quizzes found
Score Distribution
Percent of People with Each Score
Percentile by Number Answered
Your Score History
You have not taken this quiz